| 000 | 003560000a22000970004500 | ||
|---|---|---|---|
| 100 | 1 | _aGordon, Kenneth James G. | |
| 245 | 1 | 0 | _a"Impassive he suffers; immortal he dies" : Rhetoric and polemic in Charles Wesley's portrayal of the atonement |
| 300 | _aVol. 18, Num. 1 (2000), Páginas 56-70 | ||
| 773 | 0 | _tScottish Bulletin of Evangelical Theology | |
| 942 | _cANA | ||
| 999 |
_c55761 _d55761 |
||